000 00861nam a2200181Ia 4500
999 _c63440
_d63440
003 GCL
005 20240530110641.0
008 140319s9999 xx 000 0 ara d
040 _aGCL /
_cGCL
082 0 4 _a953.0738\
_bم أ
100 1 _aالمقريزى : تقى الدين ابو العباس احمد بن على بن عبدالقادر بن محمد الحسينى العبيدى
245 1 0 _aاتعاظ الحنفا باخبار الائمة الفاطميين الخلفا /
_cالمقريزى : تقى الدين ابو العباس احمد بن على بن عبدالقادر بن محمد الحسينى العبيدى
260 _aالقاهرة :
_bدار الكتب المصرية ،
_c1973
300 _aمتعدد ؛
_c24 سم
650 0 4 _aالدولة الفاطمية
650 0 4 _aالتاريخ الاسلامى
942 _2ddc
_cREF